Statistics for Countries Bordering Syria - Map Quiz

Click here to take the quiz!

General Stats

  • This quiz has been taken 534 times
  • The average score is 5 of 5

Answers on the Map

Answers color-coded by a green-red scale on the quiz's map according to % correct below.
 

Answer Stats

Answer% Correct
Jordan
93%
Iraq
92%
Turkey
92%
Lebanon
90%
Israel
87%

Score Distribution

Percentile by Number Answered

Percent of People with Each Score

Your Score History

You have not taken this quiz